| 000 | 00810cam a2200205 4500 | ||
|---|---|---|---|
| 001 | WB@3612-693 | ||
| 008 | 040722n2004 000 0 eng u | ||
| 035 | _a(Sirsi) u126916 | ||
| 245 | _aReduction in business rates for small businesses | ||
| 260 | _c2004 | ||
| 490 |
_aODPM News Release _v(2004/0174) 21 July 2004 (3) |
||
| 520 | _aLocal government has announced plans to ease the burden on small businesses by introducing relief from business rates. The new scheme will see rate relief available at 50% for business properties with a rateable value of £5 000. http://www.odpm.gov.uk/pns/DisplayPN.cgi?pn_id=200 4_0174 | ||
| 590 | _aWB | ||
| 590 | _aWB | ||
| 650 | _aBUSINESS RATES | ||
| 650 | _aRATE RELIEF | ||
| 650 | _aSMALL BUSINESSES | ||
| 690 | _aRATING AND LOCAL TAXATION | ||
| 942 | _n0 | ||
| 999 |
_c117764 _d117764 |
||